000 00858nas a2200289 4500
001 BR0501181
003 BR-BrBNA
005 20231205105242.0
007 ta
008 230509b bl.|||p| |||| 00| 00por d
040 _aBR-BrBNA
_bpor
_cBiblioteca Nacional de Agricultura
041 _a(Pt)
072 _aF04; H20
100 1 _aRossetto, C.A.V.
100 1 _aViegas, E. de C.
100 1 _aLima, T. de M.
245 1 _aContaminação fúngica do amendoim em função das doses de calcário e épocas de amostragem
650 _aARACHIS HYPOGAEA
650 _aAMENDOIM
650 _aCALAGEM
650 _aCALCÁRIO
650 _aDOSE
650 _aCONTAMINAÇÃO FÚNGICA
773 0 _tBragantia (Brazil)
_xISSN 0006-8705
_g(Sep-Dec 2003), v. 62(3) p. 437-445
_wBR0501181
909 _a202311
_bLúcia
_c55
_dLúcia Elande
942 _2AGRIS
_n0
_cANA
999 _c182003
_d182003